Welcome to CU Library Online Public Access Catalogue (OPAC)

The Business of banking (Record no. 3553)

MARC details
000 -LEADER
fixed length control field 00434nam a22001697a 4500
005 - DATE AND TIME OF LATEST TRANSACTION
control field 20250207161410.0
008 - FIXED-LENGTH DATA ELEMENTS--GENERAL INFORMATION
fixed length control field 250207b |||||||| |||| 00| 0 eng d
020 ## - INTERNATIONAL STANDARD BOOK NUMBER
International Standard Book Number 9780852975336
050 ## - LIBRARY OF CONGRESS CALL NUMBER
Classification number HG181
Item number LIP
100 ## - MAIN ENTRY--PERSONAL NAME
Personal name Lipscombe, Geoffrey
245 ## - TITLE STATEMENT
Title The Business of banking
250 ## - EDITION STATEMENT
Edition statement 3rd
260 ## - PUBLICATION, DISTRIBUTION, ETC.
Place of publication, distribution, etc. Canterbury
Name of publisher, distributor, etc. Chartered Institute of Bankers
Date of publication, distribution, etc. c1999
300 ## - PHYSICAL DESCRIPTION
Extent ix, 259p
700 ## - ADDED ENTRY--PERSONAL NAME
Personal name Pond, Keith
942 ## - ADDED ENTRY ELEMENTS (KOHA)
Source of classification or shelving scheme Library of Congress Classification
Koha item type Books
Suppress in OPAC No
999 ## -
-- 3553
-- 3553
Holdings
Withdrawn status Lost status Source of classification or shelving scheme Damaged status Not for loan Collection Home library Current library Shelving location Date acquired Total checkouts Full call number Barcode Date last seen Copy number Price effective from Koha item type
    Library of Congress Classification     Non-fiction Graduate Library (Christ Temple) Graduate Library (Christ Temple) General stacks 03/03/2026   HG 181 LIP GSCT00002982 03/03/2026 1 03/03/2026 Books
    Library of Congress Classification     Non-fiction Graduate Library (Christ Temple) Graduate Library (Christ Temple) General stacks 03/03/2026   HG 181 LIP GSCT00002983 03/03/2026 2 03/03/2026 Books
    Library of Congress Classification     Non-fiction Graduate Library (Christ Temple) Graduate Library (Christ Temple) General stacks 03/03/2026   HG 181 LIP GSCT00002984 03/03/2026 3 03/03/2026 Books
    Library of Congress Classification     Non-fiction Graduate Library (Christ Temple) Graduate Library (Christ Temple) General stacks 03/03/2026   HG 181 LIP GSCT00002985 03/03/2026 4 03/03/2026 Books
    Library of Congress Classification     Non-fiction Graduate Library (Christ Temple) Graduate Library (Christ Temple) General stacks 03/03/2026   HG 181 LIP GSCT00002986 03/03/2026 5 03/03/2026 Books
    Library of Congress Classification     Non-fiction Undergraduate Library (Christ Temple) Undergraduate Library (Christ Temple) General stacks 02/07/2025   HG181 LIP ulct00001093 02/07/2025 1 02/07/2025 Books
    Library of Congress Classification     Non-fiction Undergraduate Library (Christ Temple) Undergraduate Library (Christ Temple) General stacks 02/07/2025   HG181 LIP ulct00001094 02/07/2025 2 02/07/2025 Books
© 2023-2024 Copyright: Central University Libraries. All Rights Reserved | Created by: Mahone Tech Office